000 00660nam a2200217Ia 4500
003 OSt
005 20220926002550.0
006 a|||||r|||| 00| 0
007 ta
008 220923b |||||||| |||| 00| 0 eng d
037 _cGeneral Book
040 _aRTL
_cRTL
_beng
041 _2eng
_aeng
082 _aX.252.N6t4, K5
111 _aNational Council of Applied Economic Research (New Delhi)
_9306062
245 0 _aTechno-economic survey of Uttar Pradesh
260 _a New Delhi
_bNational council of applied economic research
_c1965
300 _axx,368p.
_ccm.
942 _hX.252.N6t4, K5
_cGB
_2CC
999 _c605443
_d605443